[Event "Turnier 40 / 120"]
[Site "Wien"]
[Date "2023.09.18"]
[Round "37"]
[White "Novag Star Diamond"]
[Black "Mephisto Lyon 68020"]
[Result "1/2-1/2"]
[WhiteElo "2161"]
[BlackElo "2172"]
[Annotator "Christian"]
[PlyCount "119"]
[EventDate "2023.??.??"]

{[%evp 0,119,19,38,75,73,85,92,67,49,42,46,55,3,5,-11,4,4,0,-16,-8,7,25,19,51,38,56,54,40,40,31,38,88,73,85,94,127,147,128,128,112,135,131,131,118,124,189,164,160,119,121,133,133,108,102,84,96,23,23,33,37,36,47,39,60,49,91,112,113,63,82,82,111,110,166,171,163,149,185,171,155,144,153,123,82,35,151,140,199,95,145,167,142,135,111,123,123,159,155,140,140,130,122,82,76,100,100,97,97,80,80,80,70,33,19,0,0,0,16,0,0,0]} 1. e4 d6 {Runde 37: Pirc Ufimzew, Pytel Tschechisch / Eine Partie zum vergessen über die man am besten schweigt fällt in die Kategorie hoffnungslose Überforderung beider Geräte, diese Partie muss Star Diamond gewinnen, vergibt hier aber eine Unsumme an Gewinnchancen, ein Spiegelbild der letzten beiden Runden, diesmal kann Star Diamond den klaren Gewinn nicht realisieren und verschenkt hier einen halben Punkt. / Stand: 19,5 : 17,5 ---> für Novag Star Diamond (52,70 %)} 2. d4 Nf6 3. Nc3 c6 4. f4 Qa5 5. Bd3 e5 6. dxe5 dxe5 7. f5 {Buchende} Bc5 {Buchende} 8. Nf3 {Buchbewertung Novag Stad Diamond: +0,15} Nbd7 {Buchbewertung Mephisto Lyon 68020: +0,33 / lt. Stockfish steht Weiss etwas besser mit ca. +0,60} 9. Bd2 {so allerdings nicht, danach ist die Stellung im Lot, besser ist Sd2} O-O {besser ist Dc7, Stockfish -0,40} 10. Qe2 Ng4 $2 {ein schlechter Zug, danach steht Weiss bereits klar besser, Stockfish -1,20, deutlich besser ist b5} 11. Rf1 {etwas besser ist Sd1, Stockfish +0,90} b5 12. h3 Ngf6 13. Nd5 Qd8 $4 {[%mdl 2] ein ganz schlechter Zug, danach ist die Partie praktisch schon verloren, Stockfish -2,00, nötig war Da4} ({Stockfish dev-20230903-b25d68f6:} 13... Qa4 14. Nxf6+ Nxf6 15. g4 Rb8 16. Bc3 Re8 17. Bxe5 Rb7 18. a3 Rbe7 19. g5 Nh5 20. O-O-O Rxe5 21. Nxe5 Ng3 22. Qf3 Nxf1 23. Bxf1 Rxe5 24. Rd8+ Bf8 25. Rxc8 Qxe4 26. Qxe4 Rxe4 27. Bd3 Re1+ 28. Kd2 Rh1 29. Rxc6 Rh2+ 30. Kc3 Rxh3 31. Rc7 a5 32. Kb3 Rg3 33. Rb7 {[%eval 97,31] [%wdl 517,483,0]}) 14. Nxf6+ Nxf6 15. Bc3 {nicht optimal, besser ist 0-0-0, Stockfish +1,60} Re8 16. Bxe5 $4 {ein ganz schlechter Zug, der nahezu den gesamten Vorteil verspielt, Stockfish +0,30, nötig war 0-0-0} Bb4+ $4 {ein Verlustzug, Stockfish -2,50, die nötige Fortsetzung war zu tief versteckt für Lyon 68020, annähernden Ausgleich hätte Lxf5 ! gebracht} ({Stockfish dev-20230903-b25d68f6:} 16... Bxf5 17. exf5 Nd7 18. O-O-O Nxe5 19. Nxe5 Qc7 20. f6 Qxe5 21. Qxe5 Rxe5 22. fxg7 Kxg7 23. a3 Rd8 24. Rf3 h6 25. Rdf1 Rd7 26. Kb1 Rde7 27. Bf5 b4 28. a4 Re1+ 29. Rxe1 Rxe1+ 30. Ka2 Re2 31. Rg3+ Kf8 32. Kb3 Bd6 33. Rg4 Ke7 34. Re4+ Rxe4 35. Bxe4 {[%eval 34,34] [%wdl 30,969,1]}) 17. c3 Bd6 18. Bxd6 Qxd6 19. e5 Qd5 20. a4 $2 {ein schwacher Zug, der eine ganze Bauerneinheit einbüsst, Stockfish +2,00, deutlich besser ist a3 mit ca. +3,00} a6 $2 {ein schlechter Zug, der die eben gewonnene Bauerneinheit gleich wieder retour gibt, Stockfish -3,00, deutlich besser ist Tb8} 21. axb5 cxb5 22. O-O-O Qc5 23. Qf2 Nd7 24. Qxc5 $2 {weit schwächer als Dh4, Stockfish +2,70} Nxc5 25. Bc2 Bb7 $2 {deutlich schwächer als Ta7, Stockfish -3,50} 26. Rfe1 $4 {ein schlechter Zug, der ca. 1,2 Bauerneinheiten einbüsst, Stockfish +2,30, deutlich besser ist b4} a5 $2 {ein schlechter Zug, der eine ganze Bauerneinheit einbüsst, Stockfish -3,30, deutlich besser ist Tac8} 27. Rd4 $4 {ein grottenschlechter Zug, der den Vorteil von Weiss halbiert, Stockfish +1,80, die falsche Figur, der Springer muss nach d4} b4 28. Re2 $2 {ein grottenschlechter Zug, der nahezu den gesamten Vorteil verspielt, Stockfish +0,30, nötig war cxb4 mit ca. +2,00} bxc3 29. bxc3 a4 {besser ist g6, Stockfish -0,70} 30. Kb2 a3+ 31. Ka2 Reb8 {besser ist g6, Stockfish -1,10} 32. Ne1 Re8 $4 {ein Verlustzug, danach ist die Partie bereits klar verloren, Stockfish -3,00, nötig war La6} 33. Nd3 {na klar} Ba6 34. Re1 $2 {ein grottenschlechter Zug, der 2/3 des Vorteiles verspielt, Stockfish +1,00, gewonnen hätte e6 mit +3,00} Bxd3 35. Bxd3 Reb8 $4 {ein ganz schlechter Zug, der den Nachteil von Schwarz verdoppelt, Stockfish -2,00, deutlich besser ist Tab8} 36. Rb1 Rxb1 $2 {ein genz schlechter Zug, Stockfish -3,50, danach ist die Partie bereits klar verloren, deutlich mehr Widerstand leistet noch Te8} 37. Bxb1 g6 38. c4 $4 {ein grottenschlechter Zug, der den Vorteil von Weiss nahezu halbiert, Stockfish +2,30, sofort gewonnen hätte das mehr als Offensichtlich f6 mit +4,00} Ra7 $4 {völlig daneben, schenkt gleich wieder alles retour, danach ist alles aus Stockfish -5,00, nötig war gxf5 um den tödlichen Vorstoss f6 zu verhindern, danach ist Schwarz mit der Grundlinienschwäche hoffnungslos verloren} 39. Rd8+ $2 {beide Geräte sind mit dieser Stellung klar überfordert, jeder Mensch der auch nur den Hauch einer Ahnung von Schach hat würde hier f6 ziehen, aber gut natürlich gewinnt auch der Textzug, Stockfish +4,00} Kg7 40. Rc8 $4 {ein ganz schlechter Zug, der ca. 1,3 Bauerneinheiten einbüsst, Stockfish +2,70, nötig war immer noch f6+} Na4 41. Kb3 $2 {ein Horrorzug, der bereits den Sieg verschenkt, danach ist die Partie Remis, Stockfish 0,00, wieder wurde das längst überfällige f6+ verschmäht mit +3,00} gxf5 42. c5 f4 $2 {ein Verlustzug, danach ist die Partie wieder klar verloren, Stockfish -3,50, das Remis gesichert hätte Sb2} 43. Ba2 h5 44. h4 $2 {ein schwacher Zug, deutlich besser ist entweder Kb4 oder c6, Stock fish +2,90} Kg6 45. Bb1+ {merkwürdig, Stockfish schlägt auch Lb1+, Kg7 und dann wieder La2 vor, was bringt diese Stellungswiederholung ? für mich nicht verständlich, auf Star Diamond kommt damit aber natürlich ein Riesenproblem zu, denn der kann die Fehlerkorrektur La2 dann nicht mehr spielen, für ihn ist es ja eine Stellungswiederholung und somit 0,00, sinnvoller wäre natürlich für einen Oldie Kb4 und Weiss gewinnt.} Kg7 46. c6 $2 {naja das war ja zu befürchten, aber wie gesagt, Star Diamond kann eben NICHT den nötigen Zug La2 spielen da Stellungswiederholung, der Textzug rückt den Gewinn in weite Ferne, danach ist Weiss nur noch hauchdünn mit ca. +0,40 im Vorteil} Nc5+ 47. Ka2 Ne6 48. Bf5 Nc7 {das ist praktisch nicht mehr zu gewinnen für Weiss, Stockfish +0,20} 49. Rb8 Ra5 50. Rb7 Rxe5 51. Bd7 {beide Geräte liegen hier falsch mit ihrer Einschätzung, Novag Star Diamond: +1,73} Nd5 {Mephisto Lyon 68020: -1,54 / in Wahrheit ist die Stellung Remis, Stockfish 0,00} 52. c7 Ne7 53. c8=Q Nxc8 54. Bxc8 {die Rechentiefe der beiden Geräte reicht dafür nicht aus, Weiss gewinnt eine Figur aber nicht die Partie, die Stellung ist Remis, aber das bleibt natürlich noch abzuwarten, Schwarz muss hier natürlich sehr genau spielen, bei unseren Oldies kann da noch ein Sieg für Weiss passieren} Re2+ 55. Kxa3 Rxg2 56. Be6 Kf6 57. Bxf7 Rg7 58. Bd5 Rg4 59. Kb3 Rxh4 60. Kc3 {der letzte weisse Bauer ist gefallen, Userentscheid: Remis} 1/2-1/2

[Event "Turnier 40 / 120"]
[Site "Wien"]
[Date "2023.09.19"]
[Round "38"]
[White "Mephisto Lyon 68020"]
[Black "Novag Star Diamond"]
[Result "1-0"]
[WhiteElo "2172"]
[BlackElo "2161"]
[Annotator "Christian"]
[PlyCount "77"]
[EventDate "2023.??.??"]

{[%evp 0,77,24,45,64,53,53,47,56,18,17,4,9,-9,11,-5,40,7,9,24,38,23,23,0,30,36,59,64,53,71,58,58,64,47,44,41,44,44,44,47,38,42,69,50,56,113,136,143,133,133,129,122,129,118,144,112,90,113,85,99,158,174,212,247,242,265,265,204,323,340,348,382,471,464,508,494,500,513,517,517]} 1. e4 Nf6 {Runde 38: Aljechin-Eröffnung / Nach einer völlig absurden Partie von Star Diamond, die JEDER möglichen Beschreibung spottet, gleicht Lyon 68020 in der Staffelwertung zum 2 : 2 aus und liegt auch im Gesamten nur noch 1 Punkt zurück, das Match ist wieder völlig offen, das hätte ich beim Stand von 8 : 15 ehrlich gesagt nicht mehr für möglich gehalten. Stand: 19,5 : 18,5 ---> für Novag Star Diamond (51,32 %)} 2. e5 Nd5 3. d4 d6 4. c4 Nb6 5. exd6 exd6 6. h3 {Buchende} Be7 {Buchende} 7. Bd3 {Buchbewertung Mephisto Lyon 68020: +0,03} O-O {Buchbewertung Novag Star Diamond: -0,30 / lt. Stockfish steht Weiss besser mit ca. +0,60} 8. Nc3 Re8 9. Nge2 Nc6 10. O-O Bf6 11. Bf4 Qe7 $2 {ein schlechter Zug, danach steht Weiss bereits klar besser, Stockfish -1,40, deutlich besser ist g6 mit nur sehr geringem Vorteil für Weiss mit ca. -0,30} 12. b3 Nxd4 13. Nxd4 Bxd4 14. Bxh7+ Kxh7 15. Qxd4 {Weiss steht klar besser, Stockfish +1,30 für die beiden Geräte ist die Stellung etwa ausgeglichen, allerdings es sind unterschiedliche Läufer hier wirklich schon einen klaren Vorteil zu sehen ist gar nicht so leicht, wenn man nicht gerade "Stockfish" heisst.} Bf5 16. Rad1 {zu bevorzugen ist Tae1, Stockfish +0,70} Kg8 {deutlich schwächer als Dh4, Stockfish -1,20} 17. Be3 {weniger gut, zu bevorzugen ist Tfe1, Stockfish +0,60} Qe6 18. Nb5 Qd7 {besser ist Dg6, Stockfish -1,00} 19. Qf4 Bc2 {weniger gut, besser ist Lg6, Stockfish -1,20} 20. Rd2 Bh7 21. Rfd1 $2 {ein schwacher Zug, der den Vorteil von Weiss halbiert, Stockfish +0,60, deutlich stärker ist Dg3} Re7 $2 {ein Verlustzug, Stockfish -2,00, nötig war Sc8} ({Stockfish dev-20230903-b25d68f6:} 21... Nc8 22. Qg4 Bf5 23. Qg5 Bg6 24. Nc3 b6 25. c5 bxc5 26. Qxc5 Ne7 27. Qa5 Qc6 28. Nd5 Nxd5 29. Rxd5 Be4 30. Rg5 Re5 31. Rxe5 dxe5 32. f3 Bxf3 33. gxf3 Qxf3 34. Qe1 Qxh3 35. Rd2 a5 36. Rh2 Qf3 37. Qd2 a4 38. b4 Rb8 39. a3 c5 40. b5 Qe4 {[%eval 89,34] [%wdl 379,621,0]}) 22. Nxc7 $1 {richtig} Qxc7 23. c5 Nc8 {etwas besser ist noch d5, Stockfish -2,50} 24. cxd6 Nxd6 25. Rxd6 Rae8 26. Rc1 $2 {ein unverständlicher Zug, verzichtet auf den 2. Bauerngewinn durch Lxa7, gut lt. Stockfish ist die Stellung immer noch gewonnen, erschwert aber den Gewinn, Stockfish +2,00} Qa5 27. Rd2 $4 {ein ganz schwacher Zug, der den Vorteil von Weiss halbiert, danach hat Weiss nur noch einen Mehrbauern bei ungleichen Läufern, hier ist noch nicht alles klar, Stockfish +1,00, deutlich stärker ist Ld4} Be4 $2 {ein absoluter Verlustzug, danach ist die Partie sofort verloren, Stockfish -3,00, nötig war natürlich das mehr als Offensichtliche b6 !, um Tc5 zu verhindern, also das ist einfach LETZTKLASSIG, das muss man so brutal sagen.} 28. Rc5 $1 {alternativlos und das überrascht Star Diamond auch noch, unfassbar} Qa6 29. Rg5 f5 $2 {einfach nur noch idiotisch, mehr kann man dazu einfach nicht mehr sagen, nach diesem Zug sollte man eigentlich sofort den Stecker ziehen, einfach indiskutabel, Stockfish -7,00, wenn Schwarz überhaupt noch was mitreden will muss er natürlich Lg6 spielen, verliert natürlich auch mit ca. -3,00} 30. Qg3 $2 {verpasst das weit stärkere Td6, aber hier spielt es keine Rolle mehr, auch der Textzug gewinnt die Partie klar, Stockfish +5,00} b6 31. Bd4 Qb7 {Novag Star Diamond ist wirklich völlig ahnungslos was diese Stellung betrifft, Bewertung: -0,73 ??? unfassbar !!, Stockfish -5,30} 32. f3 {Lyon 68020 hat den weit besseren Überblick und sieht sich schon völlig zurecht als klaren Sieger, Bewertung: +2,45} Bc6 {endlich klingelt es auch bei Star Diamond: Bewertung: -2,03} 33. Rxf5 {besser ist zwar Lf6, aber hier führen praktisch schon alle Wege nach Rom, Stockfish +4,00} Re1+ $2 {ein idiotischer Zug, aber hier schon egal, Stockfish -6,20 !!, deutlich mehr Widerstand leistet noch Dc7, ab hier kann man sich dann jeden weiteren Kommentar schenken} 34. Kh2 R1e7 35. Be5 Bd7 36. Rh5 b5 37. Rd4 Bc6 38. Rdh4 Rxe5 39. Rxe5 {Rest geschenkt} 1-0

[Event "Turnier 40 / 120"]
[Site "Wien"]
[Date "2023.09.20"]
[Round "39"]
[White "Novag Star Diamond"]
[Black "Mephisto Lyon 68020"]
[Result "1-0"]
[WhiteElo "2161"]
[BlackElo "2172"]
[Annotator "Christian"]
[PlyCount "127"]
[EventDate "2023.??.??"]

{[%evp 0,127,19,-24,-27,-27,-13,-39,-8,-33,-50,-42,-19,-27,-16,-18,-9,-22,0,-16,-20,-40,-30,-60,-51,-51,-52,-72,-49,-77,-64,-72,-49,-42,-25,-44,-25,-17,3,-35,-9,-34,-36,-82,-74,-79,-79,-86,-62,-51,-69,-71,-68,-71,-66,-77,-79,-86,-84,-159,-167,-188,-153,-196,-199,-199,-196,-163,-154,-210,-188,-188,-210,-204,-218,-397,-413,-493,-375,-461,-300,-352,-352,-352,-233,-239,-188,-159,-153,-234,-142,-134,105,50,105,98,209,209,209,257,311,301,343,361,361,235,251,262,266,289,297,305,308,316,311,301,291,311,311,343,399,426,493,503,532,551,532,575,610,617]} 1. f4 d5 {Runde 39: Bird Eröffnung / Eine unfassbare Partie für die eine Kurzbeschreibung unmöglich ist, was sich hier ereignet sprengt alle Ketten, eine der unfassbarsten Niederlagen der gesamten Schachcomputergeschichte in meinen Augen, Lyon 68020 vergibt hier die 100 % Chance das Gesamtmatch auszugleichen und verliert am Ende noch eine 99,99 % gewonnene Stellung, solche Verluste können an dieser Stelle einen Wettkampf entscheiden, was für eine unnötige Niederlage. / Stand: 20,5 : 18,5 ---> für Novag Star Diamond (52,56 %)} 2. Nf3 g6 3. g3 {***BUCHENDE***} c6 {***BUCHENDE***} 4. d4 {Buchbewertung Novag Star Diamond: +0,38} Bg7 {Buchbewertung Mephisto Lyon 68020: +0,24 / lt. Stockfish steht Schwarz eine Nuance besser mit ca. +0,20} 5. Bg2 Nf6 6. O-O O-O 7. Nc3 Bg4 8. Qd2 $2 {Kein Fehler, aber ein nicht kritisierter, grauenhafter Zug, der die Dame auf ein schlechtes Feld stellt und den Ausgang für den Lc1 verbarrikadiert (Utzinger,K).} ({Stockfish dev-20230903-b25d68f6:} 8. Ne5 Bf5 9. e3 h5 10. a4 Qc8 11. a5 Rd8 12. Qe2 Na6 13. b3 c5 14. Bb2 Nb4 15. Rfc1 Ng4 16. Ra4 Be6 17. Nd1 Rb8 18. c3 Nc6 19. Nd3 b6 20. axb6 axb6 21. dxc5 Bf5 22. cxb6 Rxb6 23. b4 e5 24. h3 Nf6 {[%eval -11,35] [%wdl 3,986,11]}) 8... Nbd7 9. h3 {weniger gut, besser ist Se5, Stockfish -0,70} Bxf3 10. Rxf3 $2 {einfach schlecht, selbstverständlich Lxf3 !, Stockfish -1,00} e6 11. Kh2 c5 12. e3 Rc8 13. Qd3 Qb6 14. Rf2 cxd4 15. exd4 Rc4 {besser ist Se8, Stockfish +0,60} 16. Ne2 Rfc8 {immer noch verdiente Se8 den Vorzug, nach dem Textzug ist Schwarz nur noch knapp im Vorteil, Stockfish +0,40} 17. c3 Qd6 18. Bd2 a6 {besser ist b5, nach dem Textzug ist die Stellung im Lot} 19. Bc1 $2 {ein idiotischer Zug, da braucht man nicht nach Begründungen zu suchen, Stockfish -0,70} b5 20. b3 {besser ist a3, Stockfish -0,90} R4c6 21. a4 $2 {ein ganz schlechter Zug, danach kommt Weiss bereits auf die Verliererstrasse, Stockfish -1,50, weit besser ist Ld2 mit ca. -0,90} b4 22. cxb4 Qxb4 23. Ba3 Qb6 {besser ist Db7, Stockfish +1,20} 24. Rff1 Ne4 25. Rfc1 Ndf6 26. b4 $2 {ein schlechter Zug, der die Lage von Weiss deutlich verschlimmert, Stockfish -1,80, deutlich besser ist Txc6 mit ca. -1,20} Nf2 $2 {ein ganz schlechter Zug, der mehr als eine ganze Bauerneinheit einbüsst, Stockfish nur noch +0,50, nötig war Txc1} 27. Qf3 $4 {ein grottenschlechter Zug, der gleich wieder alles retour gibt, was eben gewonnen wurde, Stockfish -1,80, natürlich Db3 !!} Rxc1 {besser ist die Fehlerkorrektur S2e4, aber gut das ist natürlich für Lyon 68020, da Stellungswiederholung und aus seiner Sicht 0,00, der Textzug ist aber schon etwas schwächer, Stockfish +1,20} 28. Rxc1 Rxc1 29. a5 $2 {ein idiotischer Zug, danach ist die Partie sofort verloren, Stockfish -3,40, warum nicht einfach Lxc1 ??, danach kann man sich bereits jeden weiteren Kommentar schenken, hier ist alles verloren, es sei denn Lyon 68020 macht noch einen Megabock} Qb5 30. Nxc1 N6e4 31. Qb3 Bxd4 32. Qc2 Bc3 33. Ne2 Bf6 34. Nc1 h6 35. Qc8+ Kg7 36. Qc2 g5 37. Bf3 $2 {einfach indiskutabel, weit besser ist noch Lxe4 mit ca. -2,70, Stockfish -6,00 !!!!} gxf4 38. g4 Qf1 39. Bg2 Qe1 40. Qe2 Qc3 41. Qf3 Qxf3 $2 {weit stärker ist Dc4, büsst ca. 3 Bauerneinheiten ein, dennoch nicht unverständlich, dass Weiss hier die Damen tauscht er hat ja 3 geschlossene Freibauern im Zentrum und 2 Mehrbauern, das ist nur noch Formsache, Stockfish +4,00} 42. Bxf3 Nd2 43. Kg2 Nxf3 $2 {ein unglaublicher Horrorzug, der bereits den Sieg verschenkt, Stockfish nur noch +0,20, nötig war Sc4 und Weiss gewinnt sofort} 44. Kxf2 $2 {unglaublich nimmt den falschen Springer und verliert wieder sofort, Stockfish -5,00, natürlich Kxf3} Ng5 $2 {aber wer glaubt das war es schon, der irrt gewaltig, der nächste Horrorzug, der praktisch wieder den gesamten Vorteil verschenkt, Stockfish nur noch +0,40, natürlich muss der Springer zum Damenflügel eilen, um dort die Bauernmehrheit von Weiss zu stoppen, natürlich Sd4 und alles ist erledigt} 45. Nb3 $2 {verliert die Partie sofort, Stockfish -4,00, nötig war Kf1} Be7 $2 {also dieser Zug darf doch einfach nicht wahr sein, nun passiert noch das Unglaubliche, danach ist die Partie sofort verloren, Stockfish +4,00 für Weiss !!! (stellt ganze 8 Bauerneinheiten !! ein)} 46. b5 $1 {na klar} Ne4+ 47. Kg2 Bd6 48. bxa6 Bb8 49. Bb2+ Kg6 50. Bd4 f5 51. a7 Bxa7 52. gxf5+ Kxf5 53. Bxa7 e5 54. a6 Nd6 55. Bb8 Nc8 56. Kf2 Nb6 57. Ke2 h5 58. Kf2 Na8 59. Nc5 e4 60. a7 d4 61. Nb3 d3 62. Nd4+ Kg5 63. Ne6+ Kf5 64. Nxf4 {Rest geschenkt, was für eine unnötige Niederlage für Lyon 68020, einfach unfassbar !!} 1-0

[Event "Turnier 40 / 120"]
[Site "Wien"]
[Date "2023.09.25"]
[Round "40"]
[White "Mephisto Lyon 68020"]
[Black "Novag Star Diamond"]
[Result "0-1"]
[WhiteElo "2172"]
[BlackElo "2161"]
[Annotator "Christian"]
[PlyCount "88"]
[EventDate "2023.??.??"]

{[%evp 0,52,28,14,24,10,11,15,12,12,32,29,21,21,8,-12,-3,1,20,16,13,-1,-44,4,4,-63,-67,-67,-67,-34,-46,-46,2,-17,-31,-57,-41,-51,-33,-67,-78,-86,-97,-76,-60,-78,-58,-114,-96,-131,-150,-156,-169,-186,-188]} 1. e4 e5 {Runde 40: Schottisch / Mephisto Lyon 68020 unterläuft im Mittelspiel der spielentscheidende Fehler 24. Sf2 ??, diesen nützt Star Diamond zum Gewinn und verliert diese Staffel letztlich nur knapp. Stand: 21,5 : 18,5 ---> für Novag Star Diamond (53,75 %)} 2. Nf3 Nc6 3. d4 exd4 4. Nxd4 Bc5 5. Be3 Qf6 6. c3 Nge7 7. g3 d5 8. Bg2 dxe4 9. Nb5 Bxe3 10. Nxc7+ Kf8 11. fxe3 Rb8 12. Nd5 Qg5 {Buchende} 13. Nf4 Qc5 {Buchbewertung Novag Star Diamond: +0,19} 14. O-O Qxe3+ 15. Kh1 {Buchende} Bf5 16. Re1 {Buchbewertung Mephisto Lyon 68020: -0,21, nicht ideal besser ist Sa3, danach wäre die Stellung im Lot gewesen, nach dem Textzug steht Schwarz etwas besser mit ca. +0,50 lt. Stockfish 16} Qb6 17. Qb3 {besser ist De2, Stockfish -0,80} Qxb3 {besser ist g5, Stockfish +0,40} 18. axb3 Rd8 19. Bxe4 $2 {das ist strategisch natürlich ganz schlecht, danach wird ja der Springer b1 gefesselt, da ja der schwarze Turm auf d1 Schach geben kann in der Folge, danach steht Schwarz bereits klar besser, Stockfish -1,00, deutlich besser ist natürlich Sa3 (Star Diamond hätte den richtigen Zug vorgeschlagen)} Bxe4+ 20. Rxe4 Rd1+ 21. Kg2 Ng6 {besser ist h5, Stockfish +0,60} 22. Nh3 Rc1 23. Re2 h5 24. Nf2 $2 {ein Verlustzug, danach ist die Partie bereits klar verloren, Stockfish -3,50, nötig war b4 mit nur ca. -0,60 (Star Diamond hätte den richtigen Zug vorgeschlagen)} ({Stockfish dev-20230922-70ba9de8:} 24. b4 h4 25. b5 Nd8 26. Rd2 Ke7 27. Nf2 Re1 28. b4 Rh5 29. Rda2 Rxb5 30. Na3 Rxa1 31. Rxa1 Rd5 32. Nc4 a6 33. Ne3 Rd2 34. Nf5+ Kf6 35. Nd4 Ne6 36. Kf1 Ke7 37. Re1 Ra2 38. Re4 hxg3 39. hxg3 Ngf8 40. Nf5+ Kd7 41. Nd3 f6 42. Ke1 Rh2 43. Nf4 g6 44. Nxe6 Nxe6 45. Nh4 f5 46. Re3 Nf8 47. Nf3 Rh7 48. Ne5+ Kd6 49. Nc4+ Kd5 50. Nb6+ Kc6 51. Nc4 b5 52. Nd2 Kd7 53. Rd3+ Kc7 54. Re3 Kd8 55. Kf2 Re7 56. c4 Rxe3 57. Kxe3 Ne6 58. Nf3 Ke7 59. cxb5 axb5 60. Ne5 Kf6 61. Nc6 g5 62. Kf3 g4+ 63. Ke3 {[%eval -63,53] [%wdl 0,876,124]}) 24... h4 25. Nd3 h3+ 26. Kf2 $2 {Mephisto Lyon 68020 sieht hier noch keine grosse Bedrohung, Bewertung nur -0,27 ??, besser ist noch Kf3 mit ca. -3,50, Stockfish -4,70} Rh1 {Novag Star Diamond sieht sich bereits klar im Vorteil: Bewertung: +1,26} 27. Ke3 {Lyon 68020: -0,69} Rh5 {Novag Star Diamond: +1,42} 28. b4 {Mephisto Lyon 68020: -1,00} Rd5 {Novag Star Diamond: +1,53 / Stockfish +5,00} 29. Ke4 Rd6 {Novag Star Diamond: +2,03} 30. Rd2 {Mephisto Lyon 68020: -2,00} Nce5 {Novag Star Diamond: +3,88} 31. Nxe5 Rxd2 32. Nxd2 Rxa1 33. Nxg6+ fxg6 {hier braucht man nichts mehr zu kommentieren, der Springer ist natürlich chancenlos gegen den Turm im Endspiel} 34. b3 Ke7 35. b5 Re1+ 36. Kd3 Rd1 37. Ke3 g5 38. Nf3 Kf6 39. g4 Rb1 40. Nd2 Re1+ 41. Kf3 Rc1 42. Ne4+ Ke5 43. c4 Rc2 44. Ke3 Rxh2 {Rest geschenkt} 0-1